Stavebníctvo v období transformácie hospodárstva SR

Spôsob a metódy hodnotenia finančno-ekonomickej situácie odvetvia. Stručná charakteristika odvetvia. Stavebníctvo v prechodnom období. Analýza činnosti, štruktúra majetku a zdrojov jeho krytia. Analýza finančnej situácie stavebníctva.

Enregistré dans:
Détails bibliographiques
Auteur principal: Cuperová, Anna
Format: Chapitre de livre
Langue:slovaque
Sujets:
Tags: Ajouter un tag
Pas de tags, Soyez le premier à ajouter un tag!

MARC

LEADER 00000naa a2200000 4500
001 r036624
005 20221129101917.2
041 0 |a slo 
044 |a SK 
245 1 0 |a Stavebníctvo v období transformácie hospodárstva SR  |c Anna Cuperová 
520 |a Spôsob a metódy hodnotenia finančno-ekonomickej situácie odvetvia. Stručná charakteristika odvetvia. Stavebníctvo v prechodnom období. Analýza činnosti, štruktúra majetku a zdrojov jeho krytia. Analýza finančnej situácie stavebníctva. 
610 2 0 |a stavebníctvo 
610 2 0 |a transformácia 
610 2 0 |a Slovensko 
610 2 0 |a odvetvia priemyselné 
610 2 0 |a analýzy 
610 2 0 |a zdroje finančné 
610 2 0 |a analýza finančná 
100 1 |a Cuperová, Anna